000 010070000a22002770004500
003 EG-GICUC
005 20250223025301.0
008 080525s2001 ua d f m 000 0 eng d
040 _aEG-GICUC
_beng
_cEG-GICUC
041 0 _aEng
049 _aGift
097 _aM.Sc
099 _aCai01.13.07.M.Sc.2001.Ah.O
100 0 _aAhmed Ozoris Mohamed
245 1 0 _aOptimal detection of moving targets /
_cAhmed Ozoris Mohamed ; Supervised M.Samy Aboelsoud , Elsayed Soleit
246 1 5 _aالكشف الامثل للأهداف المتحركة
260 _aPort Said :
_bAhmed Ozoris Mohamed ,
_c2001
300 _a81P. :
_bcharts ;
_c25cm
502 _aThesis (M.Sc.) - Suez Canal University - Faculty Of Engineering , Port Said - Department Of Electrical Power and Machines
700 0 _aElsayed Soleit ,
_eSupervisor
700 0 _aMohamed Samy Aboelsoud ,
_eSupervisor
856 _uhttp://172.23.153.220/th.pdf
905 _aNazla
_eRevisor
905 _aSoheir
_eCataloger
942 _2ddc
_cTH
999 _c9617
_d9617